| 000 | 01361nam a2200181Ia 4500 | ||
|---|---|---|---|
| 008 | 100122s9999 xx 000 0 und d | ||
| 082 |
_b68700 _a920.054 |
||
| 100 | _aमोने उत्तरा | ||
| 245 | _aकृतार्थ | ||
| 250 | _a1 | ||
| 260 |
_bअविष्कार प्रकाशन _c2004 |
||
| 300 | _a152 | ||
| 520 | _aविठ्ठल कामत/विक्रम गोखले/विश्वास पाटील/मेघना पेठे/अरुण नलावडे/सचिन पिळगांवकर/अभय बंग /वीणा पाटील/भूषण गगराणी/अंजली वेदपाठक/संजीव लाटकर/प्रतिमा कुलकर्णी /पद्मजा फेणाणी/म | ||
| 620 | _aविठ्ठल कामत/विक्रम गोखले/विश्वास पाटील/मेघना पेठे/अरुण नलावडे/सचिन पिळगांवकर/अभय बंग /वीणा पाटील/भूषण गगराणी/अंजली वेदपाठक/संजीव लाटकर/प्रतिमा कुलकर्णी /पद्मजा फेणाणी/म | ||
| 630 | _aकृतार्थ | ||
| 730 | _aकृतार्थ | ||
| 942 | _cBOOK | ||
| 999 |
_c440280 _d440277 |
||